00816nam a2200205 a 450000100100000000500170001000800410002702000150006804000250008308200150010810000250012324501040014826000760025230000280032870000320035671000830038804900090047195201130048099900170059300001721920200929165043.0100319s1982 dr a 000 0 spa d a3806804265 aDO-SdBNPbspacBNPHU axxxbH366b1 aHattig, Fritz93786310aBalonmano :btécnica, táctica, reglas /cFritz Hattig, Peter Hattig; traducción Mercedes Edo. aSanto Domingo :bSEDEFIRbFederacion Internacional de Balonmano,c1982. a124 p. :bil. ;c21 cm.1 aEdo, Mercedesetrad.9378642 aSecretaría de Estado de Deportes, Educación Física y Recreación936895 aBNPD 0010718PDaPDbPDcCTd2010-03-19iLF1l0oxxx H366bp17219-10r2020-06-25w2020-06-25yLFPDZNo se presta c16744d16744